000 00573nam a22001817a 4500
003 OSt
005 20140310182450.0
008 130220t xxu||||| |||| 00| 0 eng d
020 _a9789715849128
050 _aPE 1065
_b.W956 2009
100 _aDennis G. Infante
_98058
245 _aWriting across disciplines :
_ban ESP skill text for academic and professional tasks /
_cDennis G. Infante ... [et al.].
260 _aManila :Philippines :
_bC & E Publishing,
_cc2009.
300 _a231 p. ;
_c26 cm.
942 _2lcc
_cSSLC
999 _c13665
_d13665